Loading...
| Science - Biology | 0 | 3 | 0 | 0 | 30 | 56 | 82.00 | 0 | 1 | 9.25 | 16.41 |
| History - Other | 0 | 2 | 0 | 0 | 20 | 50 | 59.00 | 0 | 2 | 9.21 | 13.18 |
| Fine Arts - Visual | 0 | 3 | 2 | 2 | 20 | 46 | 106.67 | 0 | 1 | 6.13 | 11.01 |
| Pop Culture | 0 | 2 | 0 | 1 | 20 | 44 | 93.00 | 0 | 1 | 22.22 | 20.00 |
| History - American | 0 | 2 | 0 | 1 | 20 | 107 | 113.00 | 1 | 1 | 1.25 | 11.21 |
| Philosophy | 0 | 1 | 0 | 0 | 10 | 80 | 80.00 | 0 | 1 | 2.93 | 6.36 |
| Religion | 0 | 1 | 0 | 0 | 10 | 77 | 77.00 | 0 | 1 | 3.83 | 5.68 |
| Literature - British | 0 | 2 | 2 | 0 | 10 | 83 | 100.00 | 0 | 0 | 3.96 | 7.27 |
| Geography/Current Events | 0 | 1 | 0 | 0 | 10 | 45 | 45.00 | 1 | 1 | 10.57 | 16.67 |
| Literature - American | 0 | 1 | 0 | 0 | 10 | 88 | 88.00 | 0 | 1 | 3.29 | 6.61 |
| Science - Other | 0 | 1 | 0 | 1 | 10 | 117 | 117.00 | 0 | 0 | 0.00 | 1.14 |
| Literature - European | 0 | 1 | 0 | 1 | 10 | 130 | 130.00 | 0 | 0 | 0.07 | 1.82 |
| Social Science | 0 | 0 | 1 | 0 | -5 | 0.00 | 0 | 0 | 0.00 | 0.00 | |
| Fine Arts - Other | 0 | 0 | 1 | 0 | -5 | 0.00 | 0 | 0 | 0.00 | 0.00 |